| 000 | 01243nam a22003137a 4500 | ||
|---|---|---|---|
| 001 | BR8206298 | ||
| 003 | BR-BrBNA | ||
| 005 | 20230928091503.0 | ||
| 007 | ta | ||
| 008 | 230509b bl.||||| |||| 00| 0 por d | ||
| 040 |
_aBR-BrBNA _bpor _cBiblioteca Nacional de Agricultura |
||
| 041 | _a(Por) | ||
| 072 |
_aL10; L30 _b5213 _b/G514 |
||
| 090 | _ 5213 BR8206298 | ||
| 100 | 1 | _aZanotta Junior, A.L.D. | |
| 110 | 1 |
_aUniversidade Federal do Rio Grande do Sul, Porto Alegre (Brasil). Depto. de Zootecnia _0Dissertacao (Mestrado) _911157 |
|
| 245 | 1 | _aEfeitos de diferentes niveis alimentares na eficiencia reprodutiva de vacas com primeira cria ao pe e no desenvolvimento de terneiros [Rio Grande do Sul, Brasil] | |
| 260 | 3 |
_aPorto Alegre, RS (Brasil): _c1982. |
|
| 300 | _a126 p. | ||
| 500 | _a44 tables; Bibliography p. 73-87 (161 ref.); Summaries (Eng, Por). (*) Documento disponível na(o) Universidade Federal do Rio Grande do Sul, Porto Alegre (Brazil). Faculdade de Agronomia | ||
| 650 | _aREPRODUCAO ANIMAL | ||
| 650 | _aEFICIENCIA REPRODUTIVA | ||
| 650 | _aNUTRICAO ANIMAL | ||
| 650 | _aVACA DE CORTE | ||
| 650 | _aBEZERRO DE CORTE | ||
| 650 | _aRIO GRANDE DO SUL | ||
| 909 |
_a202309 _bLucia _c55 _dLucia Elande |
||
| 942 | _cBK | ||
| 999 |
_c34073 _d34073 |
||